000 00495nam a2200169Ia 4500
003 LK-CoDNM
008 010623t xxu||||| |||| 00| 1 sin d
040 _aLK-CoDNM
_dLK-CoDNM
_eLK-CoDNM
041 _asin
080 _a294.3 PRA
100 _aPragnanananda Thero,Vilibula.
245 _aමනුෂ්‍ය මානය හෙවත් මිනිස් මිම්ම
246 _aManushya Manaya Hewath Minis Mimma
260 _bRatna
_aColombo
300 _b87p., 21 cm
942 _cBK
999 _c140152
_d140152